000 00543nam a2200217 a 4500
001 BS0001569
003 BR-BrBNA
005 20230731141725.0
008 230308b |||||||| |||| 00| 0 por d
040 _aBR-BrBNA
_bpor
_cBiblioteca Nacional de Agricultura
041 _apor
072 _aB60
090 _aB60 BS0001569
100 1 _aSouza, Alba Maria Dourado de.
245 1 _aPermanecer /
250 1 _a1 ed.
260 3 _aBrasília:
_bEditora Gráfica Veneza,
_c1999.
300 _a159 p.
650 _aBIOGRAFIA
942 _cBK
_2AGRIS
999 _c6629
_d6629